El periódico en la escuela: creación y utilización
Сохранить в:
| Главный автор: | |
|---|---|
| Формат: | |
| Язык: | испанский |
| Опубликовано: |
Madrid
Narcea
1987
|
| Редактирование: | 2a. ed |
| Предметы: | |
| Метки: |
Добавить метку
Нет меток, Требуется 1-ая метка записи!
|
MARC
| LEADER | 00000nam a2200000 a 4500 | ||
|---|---|---|---|
| 001 | UCG2086 | ||
| 003 | CL-VaPUC | ||
| 008 | 100610e19870000SP |||||||||||||||||spa|d | ||
| 020 | |a 8427706482 | ||
| 082 | 0 | 4 | |a 371.38 |b GON |2 21 |
| 100 | 0 | |a Gonnet, Jacques |e author |9 550370 | |
| 245 | 1 | 3 | |a El periódico en la escuela: creación y utilización |
| 250 | |a 2a. ed | ||
| 300 | |a 103 p | ||
| 942 | |c BK | ||
| 945 | |d 20100610 00:00:00 |a dcastane | ||
| 260 | |a Madrid |b Narcea |c 1987 | ||
| 650 | 0 | |a Periodismo |9 310113 | |
| 650 | 0 | |a Composición literaria |9 324494 | |
| 650 | 7 | |a PERIODICOS ESCOLARES |2 CL-VaPUC |9 550371 | |
| 650 | 7 | |a PARTICIPACION DEL ALUMNO |2 CL-VaPUC |9 339407 | |
| 650 | 0 | |a Medios de comunicación |9 257206 | |
| 650 | 0 | |a Prensa |9 258117 | |
| 583 | |a last modification |c 20100610 00:00:00 |k Rodrigo Vera | ||
| 999 | |c 341326 |d 341324 | ||
| 952 | |0 0 |1 0 |4 0 |6 371_380000000000000_GON_1987 |7 0 |8 A |9 436707 |a BIBCUR |b BIBCUR |d 2019-11-22 |i 4682769 |o 371.38 GON 1987 |p 4682769 |r 2024-01-29 |w 2019-11-22 |y BK |k PER | ||